LDR 01554nam#a2200193#i#450# 001 5064 005 20260426083448.7 008 _ 20260424d2026####ek#y0engy0150####ca 020 ## _$a978-5-9228-3163-5 041 0# _$aRUS 044 ## _$axxu 080 ## _$aАнглийский язык. 811.111 100 #1 _$aKazakova, Elena Petrovna _$aMoscow State Institute of International Relations (University) of the Ministry of Foreign Affairs of the Russian Federation 245 00 _$aEnglish Grammar: Guide and Practice. Part 1 _$cTextbook 260 1# _$aMoscow _$bMGIMO University Publishing House _$c2026 300 ## _$a364 p. 500 ## _$a“English Grammar: Guide and Practice. Part 1” is the fi rst book in a grammar series for learners of the English􀘕language at upper-intermediate/advanced level. The􀘕book is suitable for self-study or classroom use as well as􀘕a supplement to any course at this level. The aim of the book is to help learners to understand English grammar structures through comprehensive grammar explanation and􀘕a􀘕wealth of functional examples. The book consists of 5 units each focusing on a particular grammar topic: Use of tenses, Passive voice, Reported speech, Infi nitive constructions, Modal verbs. The series can help learners to fi ne-tune their understanding of English structures and improve their abilities to use English meaningfully and correctly. _$atenses, passive voice, reported speech, infi nitive constructions, modal verbs _$a10.63861/3163-5 533 ## _$aThere is an electronic copy 856 4# _$adom.mgimo.ru _$u